Algunos retos para la psicología costarricense para el logro de culturas de paz = Some challenges for psychology in Costa Rica in building cultures of peace /

Na minha lista:
Detalhes bibliográficos
Autor principal: Brenes Brenes, Abelardo
Formato: Texto
Tags: Adicionar Tag
Sem tags, seja o primeiro a adicionar uma tag!

MARC

LEADER 00000 a a2200000 04500
001 47885
003
040
100 |a Brenes Brenes, Abelardo  
245 |a Algunos retos para la psicología costarricense para el logro de culturas de paz =   |b Some challenges for psychology in Costa Rica in building cultures of peace /  |c Abelardo Brenes Brenes  
773 |g volumen27, número40, (2008), páginas 43-51  
999 |c 29025  |d 29025